00674nam a2200205 a 4500008004100000020003100041040002500072041001300097044001100110080001200121100002400133245007900157260006700236300002800303490002600331500003000357700002700387700002900414700002500443951213s1977||||[C 0 slo c c17 Kčs. q(4000 výtl.) aSNKbslocSNKeAACR21 aslohslo axocSK a885.4-31 aLetz, Štefan4aut10aNovelycŠtefan Letz ; Ján Gregorec, Ivan Kovačevič, Ján Gregorec aBratislavabSlovenský spisovateľc1977eBratislavafPravda a544 s., 29,63 AHc21 cm0 aDielo Štefana Letza aEdič. a bibliogr. pozn.1 aGregorec, Ján4[ADC]1 aKovačevič, Ivan4bkd1 aGregorec, Ján4oth